| 000 | 00558nam a2200169Ia 4500 | ||
|---|---|---|---|
| 008 | 210716s2004 xx 000 0 und d | ||
| 020 | _a9780195698398 | ||
| 041 | _aeng | ||
| 082 | _a658.4063 TUSM | ||
| 100 | _aTushman, Michael L; Anderson, Philip. | ||
| 245 |
_aManaging strategic innovation and change: a collection of readings. _bCollection of readings. |
||
| 250 | _a2 | ||
| 260 |
_aNew Delhi _bOxford University Press _c2004 |
||
| 300 | _axix,635 | ||
| 650 | _aOrganizational Development & Change | ||
| 700 | _aTushman, Michael L; Anderson, Philip. | ||
| 999 |
_c202530 _d202530 |
||